| 000 | 01054nam a2200289 a 4500 | ||
|---|---|---|---|
| 001 | 25982 | ||
| 003 | CO-ViMGA | ||
| 008 | 141112s2004 ck r 000 u spa d | ||
| 015 | _aSSS | ||
| 020 | _a9586483223 | ||
| 035 | _a(Sirsi) a694899 | ||
| 040 |
_aCO-ViMGA _bspa _cCO-ViMGA |
||
| 041 | _aspa | ||
| 082 | 0 | 4 | _a625.7 C17d |
| 100 | 1 |
_aCárdenas Grisales, James _940551 |
|
| 245 | 1 | 0 | _aDiseño geométrico de carreteras James Cárdenas Grisales |
| 250 | _a2a ed. | ||
| 260 | _aBogotá Ecoe 2013 | ||
| 300 | _a544 p. il., gráficos 23 cm. | ||
| 490 | _aColección Textos Universitarios, Ingenieria | ||
| 504 | _aIncluye referencias bibliográficas (P. 403 - 404) e índice. | ||
| 505 | _aLas carreteras. - - Rutasy líneas de pendiente. - - Diseño geométrico horizontal : planta. - - Diseño geométrico vertical : rasante. - - Diseño geométrico transversal : secciones, áreas y volúmenes. | ||
| 596 | _a2 | ||
| 650 | 1 | 4 |
_aIngeniería de carreteras _940552 |
| 926 | _aB - GENERAL COL - GRAL - 2 625.7 C17 LIBRO 1 | ||
| 942 |
_2ddc _cBK |
||
| 999 |
_c33216 _d33216 |
||